ON LEADERS AND ICONS FROM JINNAH TO MODI (Record no. 32521)

MARC details
000 -LEADER
fixed length control field 00337nam a2200133Ia 4500
008 - FIXED-LENGTH DATA ELEMENTS--GENERAL INFORMATION
fixed length control field 240624s9999 xx 000 0 und d
041 ## - LANGUAGE CODE
Language code of text/sound track or separate title eng
082 ## - DEWEY DECIMAL CLASSIFICATION NUMBER
Classification number 828 NAY
100 ## - MAIN ENTRY--PERSONAL NAME
Personal name NAYAR KULDIP
245 ## - TITLE STATEMENT
Title ON LEADERS AND ICONS FROM JINNAH TO MODI
260 ## - PUBLICATION, DISTRIBUTION, ETC.
Date of publication, distribution, etc. 2019
Place of publication, distribution, etc. New Delhi
Name of publisher, distributor, etc. SPEAKING TIGER
300 ## - PHYSICAL DESCRIPTION
Extent 183 p.; 20 cm.
365 ## - TRADE PRICE
Currency code RS
Holdings
Withdrawn status Lost status Damaged status Not for loan Home library Current library Shelving location Date acquired Cost, normal purchase price Full call number Barcode Date last seen Price effective from Koha item type
        IMTN IMTN Rack 42-A 10/19/2021 356.00 828 NAY 32521 06/24/2024 06/24/2024 Books
Designed & Maintained by: LRC IMT Nagpur Contact: lrc@imtnag.ac.in© 2024. All Rights Reserved.